<?xml version="1.0" encoding="UTF-8"?>
<marc:record xmlns:marc="http://www.loc.gov/MARC21/slim">
   <marc:leader>00000nam a2200000 a 4500</marc:leader>
   <marc:datafield ind1="1" ind2=" " tag="100">
      <marc:subfield code="a">Kaiser-Mühlecker, Reinhard</marc:subfield>
      <marc:subfield code="4">aut</marc:subfield>
      <marc:subfield code="e">Verfasser/-in</marc:subfield>
   </marc:datafield>
   <marc:datafield ind1="0" ind2="0" tag="245">
      <marc:subfield code="a">Wilderer</marc:subfield>
   </marc:datafield>
   <marc:datafield ind1="0" ind2="0" tag="245">
      <marc:subfield code="b">Roman</marc:subfield>
   </marc:datafield>
   <marc:datafield ind1="0" ind2="0" tag="245">
      <marc:subfield code="c">Reinhard Kaiser-Mühlecker</marc:subfield>
   </marc:datafield>
   <marc:datafield ind1=" " ind2="1" tag="264">
      <marc:subfield code="a">Frankfurt am Main</marc:subfield>
      <marc:subfield code="b">FISCHER Taschenbuch</marc:subfield>
      <marc:subfield code="c">2023</marc:subfield>
   </marc:datafield>
   <marc:datafield ind1="1" ind2=" " tag="520">
      <marc:subfield code="a">Jakob führt den Hof der Eltern und kämpft gegen den Niedergang. Als die Künstlerin Katja sich als Praktikantin anbietet, scheinen sich die Dinge zum Guten zu wenden. Gemeinsam bauen sie eine biologische Tierhaltung auf, sie heiraten und bekommen einen Sohn. Doch Jakob findet keine Ruhe, sein grausamer Zorn bricht immer wieder hervor. Hat Katja ihn getäuscht, hat sie nur mal einen wie ihn haben wollen, einen Bauern?&#xD;
Reinhard Kaiser-Mühlecker erzählt von Herkunft und existenzieller Verlorenheit in einer Welt, die sich radikal wandelt.</marc:subfield>
   </marc:datafield>
   <marc:datafield ind1=" " ind2=" " tag="020">
      <marc:subfield code="a">9783596709359</marc:subfield>
      <marc:subfield code="9">9783596709359</marc:subfield>
   </marc:datafield>
   <marc:datafield ind1=" " ind2=" " tag="041">
      <marc:subfield code="a">ger</marc:subfield>
   </marc:datafield>
   <marc:datafield ind1=" " ind2=" " tag="300">
      <marc:subfield code="a">349 Seiten</marc:subfield>
   </marc:datafield>
</marc:record>
